Useful friendship : (Record no. 88972)

MARC details
000 -LEADER
fixed length control field 00655nam a22001937a 4500
005 - DATE AND TIME OF LATEST TRANSACTION
control field 20141013105737.0
010 ## - LCCN (DPL NO)
LC control number ENG-110946
020 ## - INTERNATIONAL STANDARD BOOK NUMBER
International Standard Book Number 9780198099185
Terms of availability 995.00
035 ## - SYSTEM CONTROL NUMBER
System control number EN-94478
037 ## - SOURCE OF ACQUISITION
Source of stock number/acquisition DBAD/PUB
082 ## - DEWEY DECIMAL CLASSIFICATION NUMBER
Classification number 307.76095414709033
100 ## - MAIN ENTRY--PERSONAL NAME
Personal name Robb, Peter
245 ## - TITLE STATEMENT
Title Useful friendship :
Statement of responsibility, etc by Peter Robb
Remainder of title European and Indians in early Calcutta /
260 ## - PUBLICATION, DISTRIBUTION, ETC. (IMPRINT)
Place of publication, distribution, etc New Delhi
Name of publisher, distributor, etc Oxford University Press
Date of publication, distribution, etc 2014
270 ## - ADDRESS
Address YMCA Library Building, 1 Jai Singh Road
City New Delhi
Postal code 110020
300 ## - PHYSICAL DESCRIPTION
Extent xii,293p.
Dimensions 24cm(Hb)
500 ## - GENERAL NOTE
General note Includes bibliographical references and index
942 ## - ADDED ENTRY ELEMENTS (KOHA)
Source of classification or shelving scheme Dewey Decimal Classification
Item type English Books
Call number suffix ROB
Classification part 307.76095414709033
Holdings
Withdrawn status Lost status Not for loan Collection code Home library Current library Date acquired Source of acquisition Cost, normal purchase price Full call number Barcode Copy number Cost, replacement price Koha item type
    Not For Loan Non-fiction D.B.Act.Division D.B.Act.Division 25/09/2014 DBAD/PUB 995.00 307.76095414709033 ROB EN-94478 1 995.00 English Books

© Delhi Public Library
Hit Counter
free hit counter